| 000 | 00613nam a2200205Ia 4500 | ||
|---|---|---|---|
| 005 | 20230329144425.0 | ||
| 008 | 230125s9999 xx 000 0 und d | ||
| 020 | _a9788131403648 | ||
| 041 | _aeng | ||
| 082 |
_a658.312 44 _bKAN |
||
| 100 |
_aKandula S R _9106385 |
||
| 245 |
_aHuman Resource Management and Organization Development _bPractitioner Readings |
||
| 250 | _a1st Ed. | ||
| 260 |
_c2006 _bICFAI publication _aHyderabad |
||
| 300 | _a208p | ||
| 500 | _aHRM;ICFAI Series Book;OD | ||
| 650 |
_aHRM;ICFAI Series Book;OD _9180930 |
||
| 700 |
_aKandula S R & Abhyankar M W, Donor _9115867 |
||
| 942 | _cBK | ||
| 999 |
_c93638 _d93638 |
||